00968nam a2200265 a 450000100060000000300080000600500170001400800410003102000150007203500200008704000270010704100080013408200270014210000460016924501150021526000450033030000350037549000610041050400510047165000310052265000430055370000200059670000250061683000610064167875BD-RJUL20211209081713.0170329s1996 nyua b 001 0 eng d a0471516929 a(BD-RJUL) 68084 aDLCcDLCdBD-RJULbeng aeng00a621.3828223bBAS 19961 aBarnwell, T. P.q(Thomas Pinkney),d1943-10aSpeech coding :ba computer laboratory textbook /cThomas P. Barnwell III, Kambiz Nayebi, Craig H. Richardson. aNew York ;aChichester :bWiley,cc1996. aix, 184 p. :bill. ;c24 cm. + aGeorgia Tech digital signal processing laboratory series aIncludes bibliographical references and index. 0aSpeech processing systems. 0aSignal processingxDigital techniques.1 aNayebi, Kambiz.1 aRichardson, Craig H. 0aGeorgia Tech digital signal processing laboratory series